<?xml version="1.0" encoding="UTF-8"?>
<collection xmlns="http://www.loc.gov/MARC21/slim">
 <record>
  <leader>00795cam a2200169 7i4500</leader>
  <controlfield tag="001">0000138369</controlfield>
  <controlfield tag="005">20100208090000.0</controlfield>
  <controlfield tag="002">  0000003449</controlfield>
  <datafield tag="090" ind1="0" ind2="0">
   <subfield code="a">LP 1 FST 5 2006 </subfield>
  </datafield>
  <datafield tag="100" ind1="0" ind2="#">
   <subfield code="a">Aina Mutharah Mohd Yusoff </subfield>
  </datafield>
  <datafield tag="245" ind1="1" ind2="0">
   <subfield code="a">Ectoparasites composition of bat at residential area of KUSTEM  </subfield>
   <subfield code="c">Aina Mutharah Mohd Yusoff.</subfield>
  </datafield>
  <datafield tag="260" ind1="#" ind2="#">
   <subfield code="a">Terengganu: </subfield>
   <subfield code="b">Kolej Universiti Sains dan Teknologi Malaysia, </subfield>
   <subfield code="c">2006.</subfield>
  </datafield>
  <datafield tag="300" ind1=" " ind2=" ">
   <subfield code="a">xii, 67 p.: </subfield>
   <subfield code="b">ill.; </subfield>
   <subfield code="c">30 cm..</subfield>
  </datafield>
  <datafield tag="502" ind1="#" ind2="#">
   <subfield code="a">Research Report FST (Degree of Bachelor of Applied Science- Biodiversity Conservation and Management) 2006</subfield>
  </datafield>
  <datafield tag="520" ind1="3" ind2="#">
   <subfield code="a">The aims of this study are to study the distribution, diversity and examine the ectoparasites composition among different bats species</subfield>
  </datafield>
  <datafield tag="602" ind1="#" ind2="#">
   <subfield code="a">Laporan Projek FST 2006</subfield>
  </datafield>
  <datafield tag="999" ind1=" " ind2=" ">
   <subfield code="a">1100046073</subfield>
   <subfield code="b">Book</subfield>
   <subfield code="c">LAPORAN PROJEK</subfield>
   <subfield code="e">BILIK ARKIB</subfield>
  </datafield>
 </record>
</collection>
